| 000 | 01411cam a2200385 i 4500 | ||
|---|---|---|---|
| 001 | 200444633 | ||
| 003 | TR-AnTOB | ||
| 005 | 20240711112209.0 | ||
| 007 | ta | ||
| 008 | 991012s1995 tu d s 000|0 tur d | ||
| 035 | _a(OCoLC)42688734 | ||
| 035 | _a(TR-AnTOB)200444633 | ||
| 040 |
_aHLS _beng _erda _cHLS _dTR-AnTOB |
||
| 041 | 0 |
_atur _aeng |
|
| 043 | _aa-tu--- | ||
| 050 | 4 |
_aHG5706.5.I88 _bŞ57 1995 |
|
| 090 |
_aHG5706.5.I88 _bŞ57 1995 |
||
| 245 | 0 | 0 |
_aŞirketlerin sermaye artırımları ve temettü ödemeleri, 1986-1994 = _bCapital increases and dividend payments of companies, 1986-1994. |
| 246 | 3 | 1 | _aCapital increases and dividend payments of companies, 1986-1994. |
| 264 | 1 |
_aİstanbul : _bİstanbul Menkul Kıymetler Borsası, _c1995. |
|
| 300 |
_a179 pages : _btables ; _c30 cm |
||
| 336 |
_atext _btxt _2rdacontent |
||
| 337 |
_aunmediated _bn _2rdamedia |
||
| 338 |
_avolume _bnc _2rdacarrier |
||
| 546 | _aIn Turkish and English. | ||
| 610 | 2 | 0 |
_aİstanbul Menkul Kıymetler Borsası _910100 |
| 650 | 0 |
_aŞirketler _zTürkiye _vİstatistikler _934558 |
|
| 650 | 7 |
_aSermaye kazançları _zTürkiye _vİstatistikler _2etuturkob _9133463 |
|
| 650 | 7 |
_aKar payları _zTürkiye _vİstatistikler _2etuturkob _9133464 |
|
| 710 | 2 |
_aİstanbul Menkul Kıymetler Borsası _910100 |
|
| 752 |
_aTurkey _dIstanbul. |
||
| 942 |
_2lcc _cBK |
||
| 999 |
_c200444633 _d62845 |
||